000 00972nas a2200325 4500
001 BR2011002672
003 BR-BrBNA
005 20231205115310.0
007 ta
008 230509b bl.|||p| |||| 00| 00por d
040 _aBR-BrBNA
_bpor
_cBiblioteca Nacional de Agricultura
041 _a(Pt)
072 _aH10; H20
100 1 _aDias-Arieira, C.R.
100 1 _aFurlanetto, C.
100 1 _aSantana, S. de M.
100 1 _aBarizão, D.A.O.
100 1 _aRibeiro, R.C.F.
100 1 _aFormentini, H.M.
245 1 _aFitonematoides associados a frutiferas na região Noroeste do Paraná, Brasil
650 _aMANGA
650 _aFRUTICULTURA
650 _aCITRICULTURA
650 _aLEVANTAMENTO
650 _aÓLEO VEGETAL
650 _aÓLEO MINERAL
773 0 _tRevista Brasileira de Fruticultura (Brazil)
_xISSN 0100 2945
_g(Dec 2010), v. 32(4) p. 1064-1071
_wBR2011002672
909 _a202311
_bLúcia
_c55
_dLúcia Elande
942 _2AGRIS
_n0
_cANA
999 _c213080
_d213080